<?xml version="1.0" encoding="UTF-8"?>
<record
    xmlns:xsi="http://www.w3.org/2001/XMLSchema-instance"
    xsi:schemaLocation="http://www.loc.gov/MARC21/slim http://www.loc.gov/standards/marcxml/schema/MARC21slim.xsd"
    xmlns="http://www.loc.gov/MARC21/slim">

  <leader>01509nam a22002777a 4500</leader>
  <controlfield tag="001">8121</controlfield>
  <controlfield tag="003">FISKH</controlfield>
  <controlfield tag="005">20260323121652.0</controlfield>
  <controlfield tag="008">250827b        cb ||||| |||| 00| 0 eng d</controlfield>
  <datafield tag="040" ind1=" " ind2=" ">
    <subfield code="a">FISKH</subfield>
    <subfield code="b">khr</subfield>
    <subfield code="c">FISKH</subfield>
    <subfield code="d">FISKH</subfield>
  </datafield>
  <datafield tag="050" ind1=" " ind2=" ">
    <subfield code="a">PZ7</subfield>
  </datafield>
  <datafield tag="082" ind1=" " ind2=" ">
    <subfield code="a">813</subfield>
  </datafield>
  <datafield tag="100" ind1=" " ind2=" ">
    <subfield code="a">Ministry of Education, Youth and Sport </subfield>
  </datafield>
  <datafield tag="245" ind1=" " ind2=" ">
    <subfield code="a">&#x179F;&#x17C0;&#x179C;&#x1797;&#x17C5;&#x1790;&#x17D2;&#x1798;&#x17B8;&#x179A;&#x1794;&#x179F;&#x17CB;&#x179F;&#x17BC;&#x1797;&#x17B8; /</subfield>
    <subfield code="c">&#x1780;&#x17D2;&#x179A;&#x179F;&#x17BD;&#x1784;&#x17A2;&#x1794;&#x17CB;&#x179A;&#x17C6;&#x1799;&#x17BB;&#x179C;&#x1787;&#x1793; &#x1793;&#x17B7;&#x1784;&#x1780;&#x17B8;&#x17A1;&#x17B6;</subfield>
  </datafield>
  <datafield tag="260" ind1=" " ind2=" ">
    <subfield code="a">&#x1797;&#x17D2;&#x1793;&#x17C6;&#x1796;&#x17C1;&#x1789; :</subfield>
    <subfield code="b">&#x1780;&#x17D2;&#x179A;&#x179F;&#x17BD;&#x1784;&#x17A2;&#x1794;&#x17CB;&#x179A;&#x17C6;&#x1799;&#x17BB;&#x179C;&#x1787;&#x1793; &#x1793;&#x17B7;&#x1784;&#x1780;&#x17B8;&#x17A1;&#x17B6;,</subfield>
  </datafield>
  <datafield tag="300" ind1=" " ind2=" ">
    <subfield code="a">8 pages : </subfield>
    <subfield code="b">color illustrations ;</subfield>
    <subfield code="c">25 cm . </subfield>
  </datafield>
  <datafield tag="505" ind1=" " ind2=" ">
    <subfield code="a">E 
</subfield>
  </datafield>
  <datafield tag="520" ind1=" " ind2=" ">
    <subfield code="a">&#x1798;&#x17D2;&#x178F;&#x17B6;&#x1799;&#x179A;&#x1794;&#x179F;&#x17CB;&#x179F;&#x17BB;&#x1797;&#x17B8;&#x1798;&#x17B7;&#x1793;&#x17A2;&#x17B6;&#x1785;&#x1791;&#x17B7;&#x1789;&#x179F;&#x17C0;&#x179C;&#x1797;&#x17C5;&#x1790;&#x17D2;&#x1798;&#x17B8;&#x17B2;&#x17D2;&#x1799;&#x1793;&#x17B6;&#x1784;&#x1794;&#x17B6;&#x1793;&#x1791;&#x17C1;&#x17D4; &#x1791;&#x17C4;&#x17C7;&#x1799;&#x17C9;&#x17B6;&#x1784;&#x178E;&#x17B6; &#x179F;&#x17BB;&#x1797;&#x17B8;&#x1794;&#x17B6;&#x1793;&#x1787;&#x17BD;&#x1799;&#x1798;&#x17D2;&#x1785;&#x17B6;&#x179F;&#x17CB;&#x17A0;&#x17B6;&#x1784;&#x179F;&#x17C0;&#x179C;&#x1797;&#x17C5;&#x179A;&#x1780;&#x1780;&#x17BC;&#x1793;&#x179A;&#x1794;&#x179F;&#x17CB;&#x1793;&#x17B6;&#x1784;&#x17B2;&#x17D2;&#x1799;&#x1794;&#x17B6;&#x1793;&#x17D4; &#x1785;&#x17BB;&#x1784;&#x1780;&#x17D2;&#x179A;&#x17C4;&#x1799; &#x1793;&#x17B6;&#x1784;&#x1780;&#x17CF;&#x1794;&#x17B6;&#x1793;&#x179F;&#x17C0;&#x179C;&#x1797;&#x17C5;&#x1793;&#x17C4;&#x17C7;&#x1787;&#xE32;&#x1780;&#x17B6;&#x178A;&#x17BC;&#x179A;&#x200B; &#x17D4;&#x200B;</subfield>
  </datafield>
  <datafield tag="520" ind1=" " ind2=" ">
    <subfield code="a">Sophy' mother cannot effort to buy new book for her. However, Sophy helped the bookstore owner to find her baby. Finally, she got the book as a gift</subfield>
  </datafield>
  <datafield tag="521" ind1="8" ind2=" ">
    <subfield code="a">160 
</subfield>
    <subfield code="b">Lexile estimate 
</subfield>
  </datafield>
  <datafield tag="521" ind1="8" ind2=" ">
    <subfield code="a">E 
</subfield>
    <subfield code="b">Raz-Plus 
</subfield>
  </datafield>
  <datafield tag="650" ind1=" " ind2=" ">
    <subfield code="a">&#x179F;&#x17C0;&#x179C;&#x1797;&#x17C5;&#x1790;&#x17D2;&#x1798;&#x17B8;&#x179A;&#x1794;&#x179F;&#x17CB;&#x179F;&#x17BC;&#x1797;&#x17B8; </subfield>
    <subfield code="v">&#x179A;&#x17BF;&#x1784;&#x1793;&#x17B7;&#x1791;&#x17B6;&#x1793;&#x1780;&#x17BB;&#x1798;&#x17B6;&#x179A;</subfield>
  </datafield>
  <datafield tag="650" ind1=" " ind2=" ">
    <subfield code="a">Sophy's new book</subfield>
    <subfield code="v">Children's stories </subfield>
  </datafield>
  <datafield tag="942" ind1=" " ind2=" ">
    <subfield code="2">ddc</subfield>
    <subfield code="c">KHB</subfield>
    <subfield code="n">0</subfield>
  </datafield>
  <datafield tag="999" ind1=" " ind2=" ">
    <subfield code="c">8121</subfield>
    <subfield code="d">8121</subfield>
  </datafield>
  <datafield tag="952" ind1=" " ind2=" ">
    <subfield code="0">0</subfield>
    <subfield code="1">0</subfield>
    <subfield code="2">ddc</subfield>
    <subfield code="4">0</subfield>
    <subfield code="7">0</subfield>
    <subfield code="8">KH</subfield>
    <subfield code="a">002</subfield>
    <subfield code="b">002</subfield>
    <subfield code="c">TTP Khmer</subfield>
    <subfield code="d">2025-08-27</subfield>
    <subfield code="l">0</subfield>
    <subfield code="o">MIN PZ7 813</subfield>
    <subfield code="p">2025-4276</subfield>
    <subfield code="r">2025-08-27 11:45:00</subfield>
    <subfield code="t">1</subfield>
    <subfield code="w">2025-08-27</subfield>
    <subfield code="y">KHB</subfield>
  </datafield>
  <datafield tag="952" ind1=" " ind2=" ">
    <subfield code="0">0</subfield>
    <subfield code="1">0</subfield>
    <subfield code="2">ddc</subfield>
    <subfield code="4">0</subfield>
    <subfield code="7">0</subfield>
    <subfield code="8">KH</subfield>
    <subfield code="a">002</subfield>
    <subfield code="b">002</subfield>
    <subfield code="c">TTP Khmer</subfield>
    <subfield code="d">2025-10-10</subfield>
    <subfield code="l">0</subfield>
    <subfield code="o">MIN PZ7 813</subfield>
    <subfield code="p">FISBK03633</subfield>
    <subfield code="r">2025-10-10 09:35:00</subfield>
    <subfield code="t">2</subfield>
    <subfield code="w">2025-10-10</subfield>
    <subfield code="y">KHB</subfield>
  </datafield>
  <datafield tag="952" ind1=" " ind2=" ">
    <subfield code="0">0</subfield>
    <subfield code="1">0</subfield>
    <subfield code="2">ddc</subfield>
    <subfield code="4">0</subfield>
    <subfield code="7">0</subfield>
    <subfield code="8">KH</subfield>
    <subfield code="a">002</subfield>
    <subfield code="b">002</subfield>
    <subfield code="c">TTP Khmer</subfield>
    <subfield code="d">2025-10-10</subfield>
    <subfield code="l">0</subfield>
    <subfield code="o">MIN PZ7 813</subfield>
    <subfield code="p">FISBK03641</subfield>
    <subfield code="r">2025-10-10 09:36:00</subfield>
    <subfield code="t">3</subfield>
    <subfield code="w">2025-10-10</subfield>
    <subfield code="y">KHB</subfield>
  </datafield>
  <datafield tag="952" ind1=" " ind2=" ">
    <subfield code="0">0</subfield>
    <subfield code="1">0</subfield>
    <subfield code="2">ddc</subfield>
    <subfield code="4">0</subfield>
    <subfield code="7">0</subfield>
    <subfield code="8">KH</subfield>
    <subfield code="a">002</subfield>
    <subfield code="b">002</subfield>
    <subfield code="c">TTP Khmer</subfield>
    <subfield code="d">2025-10-10</subfield>
    <subfield code="l">0</subfield>
    <subfield code="o">MIN PZ7 813</subfield>
    <subfield code="p">FISBK03668</subfield>
    <subfield code="r">2025-10-10 09:37:00</subfield>
    <subfield code="t">4</subfield>
    <subfield code="w">2025-10-10</subfield>
    <subfield code="y">KHB</subfield>
  </datafield>
  <datafield tag="952" ind1=" " ind2=" ">
    <subfield code="0">0</subfield>
    <subfield code="1">0</subfield>
    <subfield code="2">ddc</subfield>
    <subfield code="4">0</subfield>
    <subfield code="7">0</subfield>
    <subfield code="8">KH</subfield>
    <subfield code="a">002</subfield>
    <subfield code="b">002</subfield>
    <subfield code="c">TTP Khmer</subfield>
    <subfield code="d">2025-10-10</subfield>
    <subfield code="l">0</subfield>
    <subfield code="o">MIN PZ7 813</subfield>
    <subfield code="p">FISBK03657</subfield>
    <subfield code="r">2025-10-10 09:37:00</subfield>
    <subfield code="t">5</subfield>
    <subfield code="w">2025-10-10</subfield>
    <subfield code="y">KHB</subfield>
  </datafield>
  <datafield tag="952" ind1=" " ind2=" ">
    <subfield code="0">0</subfield>
    <subfield code="1">0</subfield>
    <subfield code="2">ddc</subfield>
    <subfield code="4">0</subfield>
    <subfield code="7">0</subfield>
    <subfield code="8">KH</subfield>
    <subfield code="a">002</subfield>
    <subfield code="b">002</subfield>
    <subfield code="c">TTP Khmer</subfield>
    <subfield code="d">2025-10-10</subfield>
    <subfield code="l">0</subfield>
    <subfield code="o">MIN PZ7 813</subfield>
    <subfield code="p">FISBK03669</subfield>
    <subfield code="r">2025-10-10 09:37:00</subfield>
    <subfield code="t">6</subfield>
    <subfield code="w">2025-10-10</subfield>
    <subfield code="y">KHB</subfield>
  </datafield>
  <datafield tag="952" ind1=" " ind2=" ">
    <subfield code="0">0</subfield>
    <subfield code="1">0</subfield>
    <subfield code="2">ddc</subfield>
    <subfield code="4">0</subfield>
    <subfield code="7">0</subfield>
    <subfield code="8">KH</subfield>
    <subfield code="a">002</subfield>
    <subfield code="b">002</subfield>
    <subfield code="c">TTP Khmer</subfield>
    <subfield code="d">2026-03-23</subfield>
    <subfield code="l">0</subfield>
    <subfield code="o">MIN PZ7 813</subfield>
    <subfield code="p">FISBK03676</subfield>
    <subfield code="r">2026-03-23 10:13:00</subfield>
    <subfield code="t">7</subfield>
    <subfield code="w">2026-03-23</subfield>
    <subfield code="y">KHB</subfield>
  </datafield>
  <datafield tag="952" ind1=" " ind2=" ">
    <subfield code="0">0</subfield>
    <subfield code="1">0</subfield>
    <subfield code="2">ddc</subfield>
    <subfield code="4">0</subfield>
    <subfield code="7">0</subfield>
    <subfield code="8">KH</subfield>
    <subfield code="a">002</subfield>
    <subfield code="b">002</subfield>
    <subfield code="c">TTP Khmer</subfield>
    <subfield code="d">2026-03-27</subfield>
    <subfield code="l">0</subfield>
    <subfield code="o">MIN PZ7 813</subfield>
    <subfield code="p">FISBK03677</subfield>
    <subfield code="r">2026-03-27 11:02:01</subfield>
    <subfield code="t">8</subfield>
    <subfield code="w">2026-03-27</subfield>
    <subfield code="y">KHB</subfield>
  </datafield>
  <datafield tag="952" ind1=" " ind2=" ">
    <subfield code="0">0</subfield>
    <subfield code="1">0</subfield>
    <subfield code="2">ddc</subfield>
    <subfield code="4">0</subfield>
    <subfield code="7">0</subfield>
    <subfield code="8">KH</subfield>
    <subfield code="a">002</subfield>
    <subfield code="b">002</subfield>
    <subfield code="c">TTP Khmer</subfield>
    <subfield code="d">2026-03-27</subfield>
    <subfield code="l">0</subfield>
    <subfield code="o">MIN PZ7 813</subfield>
    <subfield code="p">FISBK03653</subfield>
    <subfield code="r">2026-03-27 11:02:40</subfield>
    <subfield code="t">9</subfield>
    <subfield code="w">2026-03-27</subfield>
    <subfield code="y">KHB</subfield>
  </datafield>
</record>
